[Event "Candidates FIDE f1"]
[Site "Sanghi Nagar"]
[Date "1995.??.??"]
[Round "9"]
[White "Gelfand, Boris"]
[Black "Karpov, Anatoly"]
[Result "0-1"]
[WhiteElo "2700"]
[BlackElo "2765"]
[Annotator "Ftacnik,L"]
[PlyCount "72"]
[EventDate "1995.02.??"]
[EventType "match"]
[EventRounds "9"]
[EventCountry "IND"]
[SourceTitle "CBM 045"]
[Source "ChessBase"]
[SourceDate "1995.04.01"]
[SourceVersion "1"]
[SourceVersionDate "1995.04.01"]
[SourceQuality "1"]

1. c4 e5 2. g3 Nf6 3. Bg2 Nc6 4. Nf3 Bc5 5. O-O d6 6. Nc3 O-O 7. d3 a6 8. a3 (
8. Bg5 $5) 8... Nd4 (8... h6 9. b4 (9. e3 Ba7 10. b4 Be6 11. Qc2 Qd7 12. Rd1
Rab8 13. Bb2 b5 14. cxb5 axb5 15. Rac1 Ne7 16. d4 exd4 17. Nxd4 Bc4 18. Nce2 d5
19. Nf3 Qf5 20. Qxf5 Nxf5 21. Ned4 Nxd4 22. Nxd4 Bxd4 {Fabiano,G-Garcia
Palermo,C/Roma op (4)/1990/0.5 (23)}) 9... Ba7 10. Bb2 Bg4 (10... Be6 11. Nd2
d5 12. cxd5 Nxd5 13. Rc1 Nxc3 14. Bxc3 Bd5 15. Bxd5 Qxd5 16. Qb3 Rad8 17. a4
Rfe8 $10 18. b5 axb5 19. axb5 Ne7 20. Ba5 Qxb3 21. Nxb3 Rd5 $1 22. Bxc7 Rxb5
23. Nd2 Rb2 24. Ba5 {Lautier,J-Sokolov,I/Wijk aan Zee/1991/0.5 (60)}) 11. h3
Be6 12. Kh2 Rb8 13. Nd2 Qd7 $6 14. Nd5 Ne8 15. Qa4 $1 $16 Nd4 16. Qxd7 Bxd7 17.
e3 Ne6 18. Ne7+ Kh7 19. c5 dxc5 20. Nc4 $1 Ba4 $1 $8 21. Be4+ Kh8 22. Bxe5 Nf6
23. Bf5 Rfe8 24. Bxf6 {Timman,J-Karpov,An/Arnhem (m/5)/1993/0.5 (55)}) 9. Nd2
c6 10. b4 Ba7 11. Bb2 Bf5 12. e3 Ne6 (12... Bxd3 13. exd4 Bxf1 14. Qxf1 Bxd4
15. Rd1 $14) 13. Nf3 h6 (13... Qd7 14. Ne4 $5 Nxe4 15. dxe4 Bxe4 16. Nxe5 $16)
14. Qb3 $5 Qd7 (14... Bxd3 15. Rfd1 Bh7 (15... e4 16. Ne1 Qe7 17. Nxd3 exd3 18.
Rxd3 $14) 16. c5 d5 17. Nxe5 $14) 15. Rad1 Bg4 16. Rd2 Rad8 17. Rc1 Bxf3 {xe5}
18. Bxf3 d5 19. cxd5 cxd5 20. Na4 (20. Ne2 Ng5 21. Bg2 Qf5 $36) 20... d4 (20...
Ng5 21. Bg2 Qf5 22. Nc5 $13) 21. Nc5 (21. e4 Rc8 $10) 21... Qe7 (21... Nxc5 22.
bxc5 dxe3 23. fxe3 Qe7 (23... e4 24. Bxf6 $1) 24. d4 e4 25. Bg2 $14) 22. Rdc2 (
22. exd4 Nxd4 23. Bxd4 Rxd4 24. Nxb7 $140 $2 e4 $1) 22... dxe3 23. fxe3 e4 $1
24. Bxf6 (24. dxe4 Nxc5 25. bxc5 Nxe4 $15) (24. Bxe4 Nxe4 25. dxe4 Nxc5 26.
bxc5 Qxe4 $15) 24... gxf6 (24... Qxf6 25. Bxe4) 25. Bxe4 (25. dxe4 Bxc5 26.
bxc5 Ng5) 25... Ng5 26. Bxb7 (26. Rc4 $6 b5 27. Rd4 $2 f5 $1) 26... Bxc5 27.
bxc5 Qxe3+ 28. Kh1 Rxd3 29. Qc4 Rfd8 30. Rf1 (30. Qxa6 $2 Rd1+ 31. Kg2 Qg1#)
30... R8d4 (30... Rd1 31. Rc1) 31. Qxa6 Ne4 32. Rg2 $6 (32. c6 $1 Nxg3+ (32...
Rd2 33. Rxd2 Rxd2 34. c7 Rxh2+ 35. Kxh2 Qxg3+ 36. Kh1 Qh3+ $10) (32... Rd1 33.
c7 Qf3+ 34. Kg1 Qe3+ $10 (34... Rxf1+ 35. Qxf1 Rd1 36. c8=Q+ Kg7 37. Qxd1 Qxd1+
38. Kg2 $18)) 33. hxg3 Rh4+ (33... Qe4+ $2 34. Rg2 $1 (34. Kh2 Rd2+ $19) 34...
Rxg3 35. c7 $18) 34. gxh4 Qh3+ 35. Kg1 (35. Rh2 Qxf1#) 35... Rg3+ 36. Kf2 Qg2+
37. Ke1 Qxc2 38. Qe2 Qc1+ 39. Kf2 Qf4+ 40. Ke1 Qc1+ $10) 32... Rd1 33. Bxe4 (
33. c6 $2 Nf2+ 34. Rgxf2 (34. Kg1 Nd3+ 35. Kh1 Rxf1+) 34... Qxf2 $19) (33. Rgg1
Nf2+ 34. Kg2 R1d2 $19) 33... Qxe4 34. Qxf6 Qd5 35. Kg1 Rxf1+ 36. Kxf1 (36. Qxf1
Rd1 $19) 36... Rd1+ (36... Rd1+ 37. Kf2 Qd2+ 38. Kf3 Rf1+ $19) 0-1

[Event "FIDE-Wch"]
[Site "NED/INA"]
[Date "1993.??.??"]
[Round "5"]
[White "Timman, Jan H"]
[Black "Karpov, Anatoly"]
[Result "1/2-1/2"]
[WhiteElo "2620"]
[BlackElo "2760"]
[Annotator "Ftacnik,L"]
[PlyCount "109"]
[EventDate "1993.09.??"]
[EventType "match"]
[EventRounds "21"]
[EventCountry "NED"]
[SourceTitle "CBM 036"]
[Source "ChessBase"]
[SourceDate "1993.10.01"]
[SourceVersion "1"]
[SourceVersionDate "1993.10.01"]
[SourceQuality "1"]

1. c4 e5 2. Nc3 Nf6 3. Nf3 Nc6 4. g3 Bc5 5. Bg2 O-O 6. O-O d6 7. d3 h6 8. a3 a6
9. b4 Ba7 10. Bb2 Bg4 (10... Be6 11. Rc1 (11. Nd2 d5 12. cxd5 Nxd5 13. Rc1 (13.
Nc4 $5) 13... Nxc3 14. Bxc3 Bd5 15. Bxd5 Qxd5 16. Qb3 Rad8 17. a4 Rfe8 18. b5
axb5 19. axb5 Ne7 20. Ba5 Qxb3 21. Nxb3 Rd5 22. Bxc7 Rxb5 23. Nd2 Rb2 24. Ba5
$13 {Lautier,J-Sokolov,I/Wijk (11)/1991/0.5 (60)}) 11... Qd7 12. Nd2 Nh7 13.
Nd5 Nd8 14. e3 c6 15. Nc3 Bh3 16. Bxh3 Qxh3 17. Nce4 Qd7 18. c5 dxc5 19. bxc5
Qxd3 20. Bxe5 Re8 21. Rc4 Qd5 22. Ba1 Ne6 23. Qc2 Red8 24. Nb3 $14 {Miles,
A-Garcia,S/Reggio Emilia (5)/1984/1-0 (50)}) (10... Bf5 11. Nh4 Bd7 12. Rc1 Ne8
13. Nd5 g5 14. Nf3 f5 15. Nd2 Nd4 16. c5 c6 17. Nb6 Bxb6 18. cxb6 Qxb6 19. Nc4
Qa7 20. e3 Ne6 21. d4 exd4 22. exd4 d5 23. Ne5 Nf6 24. Re1 $36 {Tal,M-Kavalek,
L/Montreal/1979/1-0 (46)}) 11. h3 Be6 12. Kh2 Rb8 13. Nd2 $146 (13. Rc1 Qd7 14.
e4 Nd4 15. Nxd4 Bxd4 16. f4 Qd8 17. Rc2 b5 18. f5 Bd7 19. Bc1 bxc4 20. dxc4 c5
21. g4 cxb4 22. axb4 Rxb4 23. g5 hxg5 24. Bxg5 {Petursson,M-Hjartarson,J/
Nordic zt (09)/1992/0-1 (40)}) 13... Qd7 14. Nd5 Ne8 (14... Bxd5 15. cxd5 Ne7
16. e4 c6 17. f4 $1 $40) 15. Qa4 Nd4 $2 (15... Rd8 16. e3 $14) 16. Qxd7 Bxd7
17. e3 Ne6 (17... Nc6 18. b5 axb5 19. cxb5 Nd8 20. a4 $16) 18. Ne7+ Kh7 (18...
Kh8 19. c5 Nf6 20. cxd6 cxd6 21. Nc4 Rfe8 22. Nf5 $16) 19. c5 $1 dxc5 (19...
Nf6 20. cxd6 cxd6 21. Nc4 $16) (19... Bb5 20. Nc4 (20. Be4+ g6 21. a4 Bd7 22.
Nc4 f5 23. Bg2 $16) 20... f5 21. Bd5 $16) 20. Nc4 Ba4 (20... f6 21. Be4+ $18)
21. Be4+ Kh8 (21... g6 22. Nxe5 $16) 22. Bxe5 (22. Nxe5 Nd6 23. Bg2 Rfe8 24.
Nd5 cxb4 25. axb4 Bb3 $16) 22... Nf6 23. Bf5 (23. Bxf6 $5 gxf6 24. Na5 Rfe8 25.
Nf5 b6 26. Nc6 Bxc6 27. Bxc6 $16) 23... Rfe8 (23... Ng8 24. Nxg8 Kxg8 25. Bxe6
fxe6 26. Bxc7 $16) 24. Bxf6 $8 gxf6 25. Nd5 Kg7 26. bxc5 (26. Bxe6 $2 fxe6 27.
Nxc7 $2 Re7 28. Nb2 Bc6 $19) (26. Rfc1 $5 $16) 26... Bxc5 (26... Nxc5 27. Nxc7
Red8 28. d4 (28. Nb2 Bc6 29. d4 Ne4 30. d5 $16) 28... Nb3 29. Ra2 Rbc8 30. Bxc8
Rxc8 31. Nb2 Bc6 32. d5 $16) 27. Rfc1 Bf8 $1 28. Na5 (28. Bxe6 Rxe6 $1 (28...
fxe6 29. Nxc7 Re7 30. Nb6 Bc6 31. Nxa6 $1 $18) 29. Nxc7 (29. Nb2 Bc6 30. Nxc7
$2 Re7 31. Nxa6 bxa6 32. Rxc6 Rxb2 $19) 29... Rc6 30. Nd5 b5 $132) 28... b6 (
28... c6 29. Nb6 Nd8 30. f4 Bb5 31. a4 $18) 29. Nc6 Rb7 (29... Bxc6 30. Rxc6
Bd6 31. Kg2 Nd8 32. Rc4 Re5 33. Rg4+ Kf8 34. Nxf6 $18) 30. Rc4 $6 (30. d4 Nc5
$1 31. dxc5 (31. Na5 bxa5 32. dxc5 Bc6 $14) 31... Bxc6 32. Nb4 Bb5 33. c6 (33.
a4 bxc5 34. axb5 cxb4 35. bxa6 Ra7 36. Rc6 Bd6 $13) 33... Rbb8 34. Nd5 Bd6 35.
a4 $16) 30... Bb5 31. Rg4+ Ng5 32. Bd7 Re6 $3 (32... Ra8 33. d4 $16) 33. Bxe6 (
33. Rc1 Bxa3) 33... Bxc6 (33... fxe6 34. Nd8 exd5 35. Nxb7 $18) 34. Nf4 $8 (34.
Bc8 Rb8) 34... fxe6 35. Nxe6+ Kg8 36. Nd8 Bf3 37. Nxb7 Bxb7 38. h4 f5 $1 39.
Rf4 (39. Rxg5+ hxg5 40. hxg5 Bd6 $15) 39... Nf3+ 40. Kh3 Ne5 (40... Bd6 41.
Rxf5 Bc8 42. g4 Bxf5 43. gxf5 $13) 41. d4 (41. Rxf5 $2 Bc8 42. e4 Nxd3 43. f4
Bxf5+ 44. exf5 c5 $17) 41... Nc4 (41... Nd3 42. Rxf5 Bc8 43. g4 Bxf5 44. gxf5
Nxf2+ 45. Kg3 Nd3 46. e4 $13) 42. a4 (42. Rxf5 Bc8 43. g4 Bxf5 44. gxf5 Bxa3
$17) 42... Bc8 (42... Bd6 43. Rxf5 Bc8 44. g4 Bxf5 45. gxf5 $36) 43. Rc1 b5 44.
axb5 axb5 45. d5 Bd6 (45... Nd6 46. Rxc7 $13) 46. Rfxc4 bxc4 47. Rxc4 Kf7 (
47... f4+ 48. Kg2 fxe3 49. fxe3 Kf7 $15) 48. Kg2 Ke7 (48... Bb7 49. Rd4 Kf6 50.
f3 Ke5 51. f4+ Kf6 52. Kf3 $10) 49. f3 h5 50. Kf2 Bb7 51. Rd4 Bc5 52. Rf4 Bc8
53. Ra4 Bb7 54. Rf4 Bc8 55. Ra4 1/2-1/2

[Event "Olympiad-34"]
[Site "Istanbul"]
[Date "2000.11.06"]
[Round "9.2"]
[White "Sturua, Zurab"]
[Black "Xu, Jun"]
[Result "1-0"]
[WhiteElo "2594"]
[BlackElo "2668"]
[Annotator "Ftacnik,L"]
[PlyCount "59"]
[EventDate "2000.10.28"]
[EventType "team-swiss"]
[EventRounds "14"]
[EventCountry "TUR"]
[SourceTitle "EXT 2001"]
[Source "ChessBase"]
[SourceDate "2000.11.22"]
[SourceVersion "1"]
[SourceVersionDate "2000.11.22"]
[SourceQuality "1"]
[WhiteTeam "Georgia"]
[BlackTeam "China"]
[WhiteTeamCountry "GEO"]
[BlackTeamCountry "CHN"]

1. c4 {Ribli} e5 2. g3 Nf6 3. Bg2 d5 4. cxd5 Nxd5 5. Nc3 Nb6 6. d3 Be7 7. Nf3
Nc6 {Ribli: 'Wir haben die Drachenvariante der Sizilianischen Verteidigung mit
vertauschten Farben vor uns. Diese Variante führt zu chancenreichem Spiel für
beide Seiten. Schwarz hat starke Kontrolle über das Feld d4, aber dank des Bg2
hat Weiß Chancen auf Initiative am Damenflügel. '} 8. O-O O-O 9. a3 Re8 10. b4
Bf8 {Ribli: 'Diese Spielweise ist heutzutage populär - Schwarz verteidigt den
Pe5 und möchte Nd4 ziehen.'} 11. Bb2 a5 12. b5 Nd4 13. e3 {'!?' Ribli.} (13.
Nxd4 {Ribli} exd4 14. Na4 Nxa4 15. Qxa4 Bc5 $11 (15... Rxe2 16. Bxd4 $14))
13... Nxf3+ 14. Bxf3 a4 15. Qc2 (15. Rc1 Ra5 16. Qc2 (16. Qe2 {Ribli} Bd6 17.
Ne4 Qe7 18. Nxd6 cxd6 19. Bc3 Rxb5 20. Bb4 Qd7 21. Rc2 d5 22. Rfc1 e4 23. Bg2
exd3 24. Qxd3 Nc4 25. h3 $44 {1-0 Johansson,L-Hellers,F/Copenhagen 1991/EXT 97
(29)}) 16... Re6 17. Rfd1 f5 18. e4 f4 19. Qd2 fxg3 20. fxg3 Rf6 21. Nd5 Nxd5
22. Qxa5 b6 23. Qxa4 Ne3 {0-1 Ballin,A-Reinecker,K/MVP/2000/ (36)}) 15... Bf5
16. Rfd1 Ra7 (16... Rb8 $2 17. Nxa4 $16) 17. Be4 (17. Rac1 {Ribli} Be6 $13)
17... Be6 $2 {[%mdl 128] It is obvious, that Xu Jun was not suspecting how
dangerous could white attack become after this modest retreat.} (17... Bxe4 18.
dxe4 Qf6 19. Nd5 $14) 18. d4 $1 {Ribli: 'Eine sehr scharfe Fortsetzung - Weiß
verteidigt sich nicht gegen die Drohung Bb3, sondern spielt auf Angriff am
Königsflügel. '} Bb3 (18... exd4 $2 19. Bxh7+ Kh8 20. Rxd4 $18) 19. Bxh7+ Kh8
20. Qf5 g6 (20... Bxd1 21. Rxd1 Qf6 (21... g6 22. Qxf7 Bg7 23. Bxg6 $18) 22.
Qh5 Bd6 23. Ne4 Qh6 24. Qxf7 $16) 21. Qh3 Qc8 (21... Bxd1 $2 22. Bxg6+ Kg7 23.
Qh7+ Kf6 24. Ne4+ Ke6 25. Qxf7#) (21... Qd7 22. g4 Kg7 23. dxe5 $16) 22. g4 Kg7
23. Ne4 Nc4 (23... Bxd1 $2 24. Rxd1 Nc4 25. dxe5 Bxa3 (25... Nxb2 26. Bg8 $1
Qxg4+ 27. Qxg4 Nxd1 28. Qh4 $18) 26. Bd4 $16) 24. Bc3 $2 {The opponents will
exchange less exact moves, but it was not easy to find the true path in a mess
of variations.} (24. Bg8 $3 Kxg8 25. Nf6+ Kg7 26. dxe5 Nxe5 (26... Rxe5 27. f4
Bd6 28. fxe5 Nxe5 29. Rf1 $18) 27. f4 Bd6 (27... Kxf6 28. Bxe5+ Rxe5 29. g5+
$18) 28. Nxe8+ Qxe8 29. b6 Ra6 30. fxe5 Bxa3 31. Rxa3 Bxd1 32. e6+ f6 33. g5
$18) 24... Nd6 $2 (24... Bxd1 $1 25. Rxd1 Bxa3 (25... Rd8 26. Qh4 Be7 27. g5 (
27. Qxe7 $2 Qxg4+ $19) 27... Kf8 28. Bxg6 fxg6 29. Qh8+ Kf7 30. Qh7+ Kf8 (30...
Ke8 31. Qg8+ Bf8 32. Nf6+ Ke7 33. Bb4+ Nd6 34. Nd5+ $18) 31. Qh8+ $11) 26. dxe5
Bb2 27. Qh4 Bxc3 28. Qf6+ Kh6 29. Qh4+ Kg7 $11) 25. Nf6 $1 {In this moment the
solutions are at least two and Sturua grabs his chance.} (25. Bg8 $1 Nxe4 (
25... Kxg8 26. Nf6+ Kg7 27. dxe5 $18) 26. Qh7+ Kf6 27. dxe5+ Ke7 (27... Rxe5
28. Qh8+ Bg7 29. Bxe5+ Kxe5 30. Qxg7+ $18) 28. Bb4+ Nd6 29. Rd4 $18) 25... Nxb5
26. Bb2 Kxf6 27. dxe5+ Ke6 28. g5+ Ke7 29. e6 fxe6 30. Bf6+ 1-0

[Event "Amsterdam NH Hotels 5th"]
[Site "Amsterdam"]
[Date "2010.08.13"]
[Round "2"]
[White "Nielsen, Peter Heine"]
[Black "Caruana, Fabiano"]
[Result "1/2-1/2"]
[WhiteElo "2700"]
[BlackElo "2697"]
[Annotator "Ftacnik,L"]
[PlyCount "73"]
[EventDate "2010.08.12"]
[EventType "schev"]
[EventRounds "10"]
[EventCountry "NED"]
[SourceTitle "CBM 138"]
[Source "ChessBase"]
[SourceDate "2010.09.17"]
[SourceVersion "1"]
[SourceVersionDate "2010.09.17"]
[SourceQuality "1"]

1. c4 Nf6 2. Nc3 e5 3. Nf3 Nc6 4. g3 Nd4 5. Bg2 Nxf3+ 6. Bxf3 Bb4 7. Qb3 Bc5 8.
O-O O-O 9. Na4 Be7 10. d4 $5 $146 {[%mdl 8] Creative players are discovering
fresh ideas in the positions, where standard thinking would produce only
"normal" moves.} (10. Rd1 d6 (10... c6 11. Nc3 (11. d4 e4 12. Bg2 d5 13. cxd5
cxd5 14. Bf4 b6 15. Nc3 Be6 16. Rac1 Qd7 17. Nb5 Rac8 18. Nc7 h6 19. f3 Bd6 20.
Bxd6 Qxd6 21. fxe4 Nxe4 22. Bxe4 Rxc7 23. Rxc7 Qxc7 24. Bxd5 Bxd5 25. Qxd5 Qc2
26. Rf1 Qxe2 $11 {1/2-1/2 Serper,G (2575)-Aseev,K (2540)/St Petersburg 1994 
(32)}) 11... d6 (11... Qb6 12. d3 d6 13. Qxb6 axb6 14. Be3 Bd8 15. b4 Ng4 16.
Bd2 f5 17. b5 Bd7 18. a4 h6 19. Rdb1 g5 20. Bg2 Ra7 21. h3 Nf6 22. Be3 c5 23.
Ra3 Be6 24. Bd2 Rf7 25. Rba1 {1/2-1/2 Fridman,D (2578)-Van Wely,L (2681)/
Germany 2004}) 12. d4 Qc7 13. Qc2 Bh3 (13... a5 14. dxe5 dxe5 15. Na4 Be6 16.
e4 b6 17. c5 b5 18. Nb6 Rad8 19. Bd2 a4 20. Be3 Ng4 21. Rxd8 Qxd8 22. Bxg4 Bxg4
23. Kg2 Bg5 $11 {0-1 Miles,A (2520)-Gelfand,B (2600)/Moscow 1989 (105)}) 14. b3
h6 15. Bb2 Nh7 16. c5 Ng5 17. cxd6 Nxf3+ 18. exf3 $14 {1/2-1/2 Gulko,B (2615)
-Nikolic,P (2670)/Polanica Zdroj 1996}) 11. Nc3 Nd7 12. d4 Bf6 13. dxe5 Bxe5
14. Be3 Nf6 15. c5 Be6 16. Qxb7 Rb8 17. Qxa7 Rxb2 18. Bd4 Bxd4 19. Rxd4 Rc2 20.
Nb5 Qb8 21. Qxb8 Rxb8 22. Nxc7 dxc5 23. Ra4 $14 {1-0 Gelfand,B (2675)-Timman,J
(2635)/Wijk aan Zee 1998 (47)}) 10... d6 {Surprised, Caruana is not sure that
he can evaluate the risk correctly at the board. It seems that Black can bite
the bullet and hold equality in a complicated fight.} (10... exd4 $1 11. Rd1 c5
12. e3 dxe3 13. Bxe3 Qc7 (13... Qa5 $6 14. Re1 Re8 15. Bg5 d6 16. Bxf6 gxf6 17.
Nc3 $16) 14. Nc3 (14. Rd2 d6 15. Re1 h6 16. Nc3 a6 17. Rde2 Re8 18. Bd2 Be6 19.
Na4 (19. Qxb7 Qxb7 20. Bxb7 Rab8 21. Bc6 Rec8 22. Bd5 Bxd5 23. cxd5 Bd8 $11)
19... Nd7 20. Qxb7 Qxb7 21. Bxb7 Rab8 22. Bc6 Ne5 23. Rxe5 dxe5 24. Bxe8 Rxe8
25. Rxe5 Bxc4 $11) 14... a6 15. Na4 d6 16. Nb6 Rb8 17. Nxc8 Rfxc8 18. Bf4 b5
19. Rd2 $13) 11. Rd1 Qe8 12. Nc3 c6 13. Be3 (13. dxe5 $1 dxe5 14. Bg5 Ng4 (
14... h6 15. Bxf6 Bxf6 16. Ne4 Be7 17. c5 $16) 15. Bxe7 Qxe7 16. Ne4 $16) 13...
Nd7 14. Ne4 Nf6 {This move of the knight makes a rather strange impression.
From a certain point of view Black has just sacrificed two tempi.} (14... f5 $2
15. Nxd6 Bxd6 16. c5+ $16) 15. Nxf6+ {Making progress is difficult despite all
the efforts. I presume, that there were somewhat better chances for more with
the move 15.dxe5!?} (15. dxe5 $5 Nxe4 (15... dxe5 16. Nd6 Bxd6 17. Rxd6 $16)
16. Bxe4 dxe5 17. c5 Rb8 18. Bc2 Be6 19. Qa4 $14) 15... Bxf6 16. dxe5 Bxe5 17.
Bd4 Qe7 18. Qa3 Rd8 $1 {Black is holding tight and his problems seem quite
manageable.} (18... Qc7 19. Bxe5 dxe5 20. Rd6 Be6 21. c5 $16) 19. Rd2 Bxd4 20.
Rxd4 Be6 21. b3 (21. Rad1 c5 22. Re4 Qd7 23. Rh4 Rab8 24. b4 cxb4 25. Qxa7 $14)
21... a5 $1 22. Rad1 c5 23. R4d3 a4 {Counterplay is always desirable when the
player is under pressure. Caruana manages to create an object of attack in the
b3 pawn.} 24. Qc1 (24. Re3 axb3 25. Qxb3 Ra5 $14) 24... h6 25. Qd2 axb3 26.
axb3 Ra3 27. Qb2 (27. Rxd6 Rxd6 28. Qxd6 Qxd6 29. Rxd6 Rxb3 30. Bd5 Rb4 $11)
27... Ra6 28. h4 Rb8 29. Qd2 b5 $1 {Relief is not far away as Black manages to
eliminate many pawns.} (29... Rd8 30. Qf4 $14) 30. Rxd6 Rxd6 31. Qxd6 Qxd6 32.
Rxd6 bxc4 33. bxc4 Bxc4 34. Rc6 Re8 35. Rxc5 {Nielsen could have tried to
torture the opponent from the slightly better position, but chances for
overall success would remain slim.} (35. Kf1 $5 Re5 36. Bg4 Ba2 37. Ke1 c4 38.
Kd2 $14) 35... Bxe2 36. Bxe2 Rxe2 37. Kf1 1/2-1/2

[Event "Dortmund"]
[Site "Dortmund"]
[Date "1993.??.??"]
[Round "4"]
[White "Serper, Grigory"]
[Black "Kamsky, Gata"]
[Result "1-0"]
[WhiteElo "2590"]
[BlackElo "2655"]
[Annotator "Ftacnik,L"]
[PlyCount "119"]
[EventDate "1993.04.??"]
[EventType "tourn"]
[EventRounds "7"]
[EventCountry "GER"]
[EventCategory "16"]
[SourceTitle "CBM 035"]
[Source "ChessBase"]
[SourceDate "1993.08.01"]
[SourceVersion "1"]
[SourceVersionDate "1993.08.01"]
[SourceQuality "1"]

1. c4 {Ribli} e5 2. g3 Nf6 3. Bg2 d5 4. cxd5 Nxd5 5. Nc3 Nb6 6. Nf3 Nc6 7. O-O
Be7 8. Rb1 $1 $146 O-O (8... a5 $5 {Ribli Adorjan,A-Cebalo,M/Polanica Zdroj/
1992/CBM31/}) 9. b4 $1 a6 (9... Bxb4 10. Nxe5 $16) (9... Be6 10. b5 $16) 10. a4
(10. a3 {Ribli Adorjan,A-Lin Weiguo/Shenzhen/1992/CBM31/}) 10... Bf5 (10...
Bxb4 11. Nxe5 Bxc3 12. Nxc6 bxc6 13. dxc3 Qxd1 14. Rxd1 Nxa4 15. Rb3 $16 (15.
Bxc6 Nxc3 $13) (15. Ba3 {Ribli} Nxc3 16. Bxf8 Nxd1 (16... Nxb1 17. Bb4 $18) 17.
Bb4 Rb8 18. Rxd1 $18)) 11. b5 axb5 (11... Bxb1 {Ribli} 12. bxc6 Bf5 13. cxb7
Rb8 14. Nxe5 $18) 12. Rxb5 $6 (12. axb5 Bxb1 $2 13. bxc6 $16) 12... f6 $1 13.
d3 (13. d4 exd4 (13... Nxd4 $6 14. Nxd4 exd4 (14... Qxd4 15. Qb3+ Kh8 16. Be3
$16) 15. Rxf5 dxc3 16. Qb3+ Kh8 17. Qxc3 Nxa4 18. Qc2 {/\ Rh5, Bb7}) 14. Rxf5 (
14. Nd5 Nxd5 (14... Be6 $5) 15. Nxd4 Nc3 $1 (15... Nxd4 16. Rxd5 Nxe2+ 17. Qxe2
Bd7 18. Rfd1 Bd6 19. Bf4 $10) 16. Qb3+ Kh8 17. Nxc6 bxc6 18. Rxf5 Nxe2+ 19. Kh1
Nd4 $19) (14. a5 $6 dxc3 (14... Rxa5 15. Nxd4 Rxb5 16. Ncxb5 Nxd4 17. Nxd4 Bc8
18. Qb3+ Kh8 19. Rd1 $16) 15. Qb3+ Nd5 $3 16. Nh4 (16. Rxd5 Be6 $1) 16... Nd4
17. Qxd5+ Qxd5 18. Bxd5+ Kh8 19. Nxf5 Nxb5 20. Nxe7 c6 21. Bf3 Rxa5 $17) 14...
dxc3 15. Qb3+ Kh8 16. Qxc3 Rxa4 17. Qc2 Rc4 $15) 13... Be6 14. Bd2 Nd4 15. Rb1
c5 $1 16. Ne4 $1 (16. a5 $2 Rxa5 17. Nxd4 cxd4 18. Nb5 Ra2 19. Bxb7 Nd5 $15)
16... Ra7 (16... Nxa4 $6 17. Rxb7 (17. Rxb7 {Ribli} Bd5 18. Rb1 Qd7 $13)) 17.
a5 Nd7 18. Bc3 Nc6 19. Rb5 Qc7 20. Qb1 $2 (20. Qa1) 20... Rb8 21. Qa1 (21. Rc1
$5 {Ribli}) 21... b6 (21... Rba8 22. Qb2) 22. axb6 Rxb6 23. Qb1 Nd4 24. Nxd4
cxd4 25. Bd2 Rxb5 26. Qxb5 Qb6 27. Qxb6 Nxb6 28. Rc1 $10 Kf7 29. h4 Nd5 30. Bf3
(30. Nc5 Ra2 31. Nxe6 Kxe6 32. Bxd5+ Kxd5 33. Rd1 $15) 30... Rc7 31. Rxc7 Nxc7
32. Kf1 h6 33. g4 Nd5 34. e3 dxe3 35. fxe3 Nb4 (35... g6) 36. Ke2 Bc8 $2 37. h5
$1 $14 Ba6 38. Nf2 Bb5 39. Be4 Na6 $4 40. Bd5+ Ke8 41. Bc4 Bxc4 (41... Nc7 42.
Ba5) 42. dxc4 Kd7 43. Ne4 Nc7 44. Kd3 Ne6 45. Kc2 Kc6 46. Kb3 Bd8 47. Ng3 Bb6
48. Nf5 Nc5+ 49. Kc2 Ne6 50. Bb4 e4 (50... Ba7 51. Kd3 (51. Kb3 Bb6 52. Ka4 Ba7
53. Ne7+ Kd7 54. Nd5 Kc6 55. Ka5 Bc5 $1) 51... Bb6 52. Ne7+ Kd7 53. Nd5 Ba7 54.
Ke4 $16) 51. Ng3 Bxe3 $2 (51... Ng5 52. Nf5 Ne6 53. Kc3 {/\ Nd4}) 52. Nxe4 Bf4
53. Kd3 Bc7 54. Bd2 $1 Nd8 55. Bc3 $1 Nf7 56. Nd2 Ng5 (56... Nd6 57. Bb4 Nf7
58. Nf3 {/\ Ke4}) 57. Bd4 $1 Nf7 58. Nf3 Bg3 59. Bb2 Bf2 60. Bc1 $1 $138 (60.
Bc1 $1 Bg3 61. Ba3 $1 Bd6 62. Nd4+ Kd7 63. Bxd6 Kxd6 (63... Nxd6 64. c5 Nf7 65.
Ke4 $18) 64. Nf5+ Kc5 65. Nxg7 Ne5+ 66. Ke4 Nxg4 (66... Kxc4 67. Kf5 Kd5 68.
Ne8 $18) 67. Nf5 $1 Kxc4 68. Kf4 Ne5 69. Nxh6 Kd5 70. Kf5 Kd6 71. Ng8 $18) 1-0

[Event "Interzonal-16"]
[Site "Biel"]
[Date "1993.??.??"]
[Round "5"]
[White "Lautier, Joel"]
[Black "Wolff, Patrick G"]
[Result "1/2-1/2"]
[WhiteElo "2620"]
[BlackElo "2585"]
[Annotator "Ftacnik,L"]
[PlyCount "78"]
[EventDate "1993.07.16"]
[EventType "swiss"]
[EventRounds "13"]
[EventCountry "SUI"]
[SourceTitle "CBM 037"]
[Source "ChessBase"]
[SourceDate "1993.12.01"]
[SourceVersion "1"]
[SourceVersionDate "1993.12.01"]
[SourceQuality "1"]

1. c4 e5 2. Nc3 Nf6 3. Nf3 Nc6 4. g3 d5 5. cxd5 Nxd5 6. Bg2 Nb6 7. O-O Be7 8.
a3 O-O 9. b4 Re8 (9... Be6) 10. Rb1 (10. b5 $6 Nd4 11. Nxe5 Bf6) 10... Bf8 11.
d3 Nd4 12. Ne1 c6 13. e3 Ne6 14. Nf3 Ng5 15. Nxg5 Qxg5 16. Ne4 Qd8 17. Qc2 Bf5
18. Rd1 a5 19. Nc5 (19. b5 c5 20. Bd2 (20. Nxc5 $2 Rc8) (20. Nc3 Qd7) 20... Qc7
21. Rdc1 Rec8 22. a4 (22. Qd1 Qd7) 22... Nd5) 19... axb4 20. axb4 (20. Nxb7 $5
Qc7 21. Qxc6 Qxc6 22. Bxc6 Rec8 23. Bg2 Ra7 24. axb4 Rc7 25. Na5 Bxb4 26. Rxb4
Rxa5 $14) 20... Qc7 21. e4 Bc8 22. d4 Nd7 23. Be3 exd4 24. Rxd4 (24. Bxd4 Nxc5
25. Bxc5 Bxc5 26. Qxc5 Ra2 27. Qc4 (27. b5 Qa5) 27... Be6) 24... Nxc5 25. bxc5
Ra5 26. Rd2 Rb5 $1 27. Rxb5 cxb5 28. Qd3 Qa5 29. Bf1 b4 30. Qb5 Qxb5 31. Bxb5
Rxe4 32. Rd8 Bh3 33. Bf1 Bxf1 34. c6 $5 b6 $1 (34... Ba6 35. c7) (34... Bh3 35.
cxb7 $18) 35. Kxf1 (35. Bxb6 Re1 $1 36. f4 (36. h4 Bb5+ 37. Kh2 Bxc6 $19) 36...
Bh3+ 37. Kf2 Rc1 38. c7 b3) 35... Rc4 36. Bxb6 Rxc6 37. Ba5 Rc4 38. Ke2 b3 39.
Rb8 b2 1/2-1/2